000 00520cam a2200169 4500
001 D12132
008 090401t1937 xxu||||| |||| 00| 0 eng d
035 _a(Sirsi) u1339
041 _aeng
100 _aBishop, G.R.H.
245 4 _aThe improvement of bacon pigs by co-operative methods. College of Estate Management Reports of the College Travelling Scholars in Agriculture, No.4
260 _aLondon
_bCollege of Estate Management
_c1937
350 _a0
520 _aShelf 151
942 _n0
948 _c04/03/1997
999 _c85658
_d85658